000 00992nam a22002777a 4500
003 OSt
005 20191029062629.0
008 180305b xxu||||| |||| 00| 0 spa d
040 _cPJ
100 _91376
_aCapón Filas, Rodolfo E.
245 1 0 _aRégimen laboral agrario /
_cRodolfo E. Capón Filas, Manuel Jose L. Candelero.
260 _aLa Plata :
_bLep,
_c1981.
300 _a351 p.
_c23 cm.
490 _aLegislación
_vIX
505 _aContenido: Comentarios -- Jurisprudencia -- Legislación concordada -- Fallos plenarios -- Modelos.
650 0 _91316
_aDERECHO LABORAL
650 0 _91338
_aDERECHO COLECTIVO DEL TRABAJO
650 0 _aCONDICIONES DE TRABAJO
_91319
650 0 _91364
_aTRABAJADORES RURALES
653 _aLEY 22.248
653 _aLEY 22.163
700 _91505
_aCandelero, Manuel Jose L.
710 _aArgentina. Leyes, decretos, etc. Ley nº 22.248
710 _aArgentina. Leyes, decretos, etc. Ley nº 22.163
942 _2udc
_cLIB
_h349.22
_iCAP
999 _c1031
_d1031